LIBRARY & INFORMATION CENTRE, KCAET, TAVANUR

ONLINE PUBLIC ACCESS CATALOGUE (OPAC)

Electrical engineering equipments, Part 1 / (Record no. 10129)

MARC details
000 -LEADER
fixed length control field 00411cam a2200157ua 4500
041 ## - LANGUAGE CODE
Language code of text/sound track or separate title eng
082 ## - DEWEY DECIMAL CLASSIFICATION NUMBER
Classification number 621.3
Item number UMA/EL
100 ## - MAIN ENTRY--AUTHOR NAME
Personal name Uma, S Bhatnagar .
245 ## - TITLE STATEMENT
Title Electrical engineering equipments, Part 1 /
250 ## - EDITION STATEMENT
Edition statement 1 /
260 ## - PUBLICATION, DISTRIBUTION, ETC. (IMPRINT)
Place of publication Mumbai :
Name of publisher Asia Publishing House ,
Year of publication 1966.
300 ## - PHYSICAL DESCRIPTION
Number of Pages 198 ; .
942 ## - ADDED ENTRY ELEMENTS (KOHA)
Koha item type Books
Holdings
Withdrawn status Lost status Damaged status Home library Current library Date acquired Full call number Accession Number Koha item type
      KAUAET KAUAET 07/04/2012 621.3 12426 Books
free website counter